000 01060cab a2200217 4500
001 ABS38072
008 090401t1987 xxu||||| |||| 00| 0 eng d
035 _a(Sirsi) u8562
041 _aeng
100 _aBond, R.
245 _aSome aspects of tenants` break clauses
260 _c1987
350 _a0
490 _aEstates Gazette
_v283(6349) 29 August 1987, 921-925(3)
520 _aThis article examines break clauses in commercial leases exercisable by the tenant only. Examines the landlord`s position, considering such aspects as successors in title and time of the essence and the tenant`s position, referring to performance of repairing covenants , dilapidations and new tenants. Goes on to discuss the effect of break clauses on new developments, looking at the options available to an investor if a break clause is exercised during a developer`s twenty-five year guarantee period.
650 _aBUSINESS TENANCIES
650 _aPROPERTY DEVELOPMENT
690 _aLANDLORD AND TENANT-BUSINESS TENANCIES
942 _n0
948 _c04/03/1997
999 _c5295
_d5295